STOCHASTIC FINANCIAL MODELS (Record no. 18050)

MARC details
000 -LEADER
fixed length control field 00329nam a2200133Ia 4500
008 - FIXED-LENGTH DATA ELEMENTS--GENERAL INFORMATION
fixed length control field 240624s9999 xx 000 0 und d
041 ## - LANGUAGE CODE
Language code of text/sound track or separate title eng
082 ## - DEWEY DECIMAL CLASSIFICATION NUMBER
Classification number 332.632042 KEN
100 ## - MAIN ENTRY--PERSONAL NAME
Personal name KENNEDY DOUGLAS
245 ## - TITLE STATEMENT
Title STOCHASTIC FINANCIAL MODELS
260 ## - PUBLICATION, DISTRIBUTION, ETC.
Date of publication, distribution, etc. 2010
Place of publication, distribution, etc. London
Name of publisher, distributor, etc. Chapman & Hall
300 ## - PHYSICAL DESCRIPTION
Extent 264 : p.
365 ## - TRADE PRICE
Currency code BPS
Price amount 27
Holdings
Withdrawn status Lost status Damaged status Not for loan Home library Current library Shelving location Date acquired Source of acquisition Cost, normal purchase price Full call number Barcode Date last seen Copy number Price effective from Koha item type
        IMTN IMTN Rack 11-A 09/29/2011 BWE 44.99 332.632042 KEN 18050 06/24/2024 75.8 06/24/2024 Books
Designed & Maintained by: LRC IMT Nagpur Contact: lrc@imtnag.ac.in© 2024. All Rights Reserved.